International A level chemistry : (Record no. 5871)
[ view plain ]
| 000 -LEADER | |
|---|---|
| fixed length control field | 00942nam a22002891i 4500 |
| 001 - CONTROL NUMBER | |
| control field | 017877947 |
| 003 - CONTROL NUMBER IDENTIFIER | |
| control field | Uk |
| 005 - DATE AND TIME OF LATEST TRANSACTION | |
| control field | 20251124091230.0 |
| 008 - FIXED-LENGTH DATA ELEMENTS--GENERAL INFORMATION | |
| fixed length control field | 160601s2016 enka 000|0|eng|d |
| 020 ## - INTERNATIONAL STANDARD BOOK NUMBER | |
| International Standard Book Number | 9780198376026 (paperback) |
| 040 ## - CATALOGING SOURCE | |
| Original cataloging agency | StDuBDS |
| Language of cataloging | eng |
| Transcribing agency | StDuBDS |
| Modifying agency | Uk |
| -- | KH8 |
| Description conventions | rda |
| 042 ## - AUTHENTICATION CODE | |
| Authentication code | ukblsr |
| 082 04 - DEWEY DECIMAL CLASSIFICATION NUMBER | |
| Classification number | 540 LIS |
| Edition number | 23 |
| 100 1# - MAIN ENTRY--PERSONAL NAME | |
| Personal name | Lister, Ted, |
| Relator term | author. |
| 245 10 - TITLE STATEMENT | |
| Title | International A level chemistry : |
| Remainder of title | AS and A Level : published for Oxford International AQA examinations / |
| Statement of responsibility, etc. | Ted Lister, Janet Renshaw. |
| 264 #1 - PRODUCTION, PUBLICATION, DISTRIBUTION, MANUFACTURE, AND COPYRIGHT NOTICE | |
| Place of production, publication, distribution, manufacture | Oxford : |
| Name of producer, publisher, distributor, manufacturer | Oxford University Press, |
| Date of production, publication, distribution, manufacture, or copyright notice | [2016] |
| 300 ## - PHYSICAL DESCRIPTION | |
| Extent | x, 568 pages : |
| Other physical details | illustrations (colour) ; |
| Dimensions | 27 cm |
| 336 ## - CONTENT TYPE | |
| Content type term | text |
| Source | rdacontent |
| 336 ## - CONTENT TYPE | |
| Content type term | still image |
| Source | rdacontent |
| 337 ## - MEDIA TYPE | |
| Media type term | unmediated |
| Source | rdamedia |
| 338 ## - CARRIER TYPE | |
| Carrier type term | volume |
| Source | rdacarrier |
| 500 ## - GENERAL NOTE | |
| General note | Formerly CIP. |
| Institution to which field applies | Uk |
| 521 2# - TARGET AUDIENCE NOTE | |
| Target audience note | A-level. |
| 650 #0 - SUBJECT ADDED ENTRY--TOPICAL TERM | |
| Topical term or geographic name entry element | Chemistry |
| Form subdivision | Textbooks. |
| 700 1# - ADDED ENTRY--PERSONAL NAME | |
| Personal name | Renshaw, Janet, |
| Dates associated with a name | 1940- |
| Relator term | author. |
| 942 ## - ADDED ENTRY ELEMENTS (KOHA) | |
| Source of classification or shelving scheme | |
| Koha item type | Teaching Resources |
| Withdrawn status | Lost status | Source of classification or shelving scheme | Damaged status | Not for loan | Collection code | Permanent Location | Current Location | Shelving location | Date acquired | Total Checkouts | Full call number | Barcode | Date due | Date last seen | Date last checked out | Price effective from | Koha item type |
|---|---|---|---|---|---|---|---|---|---|---|---|---|---|---|---|---|---|
| Teaching Resources | KH8 Senior School Library | KH8 Senior School Library | Staff Office | 2025-11-24 | 1 | 540 LIS | TRKHSL006781 | 2026-07-03 | 2025-11-25 | 2025-11-25 | 2025-11-24 | Teaching Resources | |||||
| Teaching Resources | KH8 Senior School Library | KH8 Senior School Library | Staff Office | 2025-11-24 | 1 | 540 LIS | TRKHSL006782 | 2026-07-03 | 2025-11-25 | 2025-11-25 | 2025-11-24 | Teaching Resources | |||||
| Teaching Resources | KH8 Senior School Library | KH8 Senior School Library | Staff Office | 2025-11-24 | 540 LIS | TRKHSL006783 | 2025-11-24 | 2025-11-24 | Teaching Resources | ||||||||
| Teaching Resources | KH8 Senior School Library | KH8 Senior School Library | Staff Office | 2025-11-24 | 540 LIS | TRKHSL006784 | 2025-11-24 | 2025-11-24 | Teaching Resources | ||||||||
| Teaching Resources | KH8 Senior School Library | KH8 Senior School Library | Staff Office | 2025-11-24 | 1 | 540 LIS | TRKHSL006785 | 2026-07-03 | 2025-11-25 | 2025-11-25 | 2025-11-24 | Teaching Resources | |||||
| Teaching Resources | KH8 Senior School Library | KH8 Senior School Library | Staff Office | 2025-11-24 | 1 | 540 LIS | TRKHSL006786 | 2026-07-03 | 2025-11-25 | 2025-11-25 | 2025-11-24 | Teaching Resources | |||||
| Teaching Resources | KH8 Senior School Library | KH8 Senior School Library | Staff Office | 2025-11-24 | 1 | 540 LIS | TRKHSL006787 | 2026-07-03 | 2025-11-25 | 2025-11-25 | 2025-11-24 | Teaching Resources | |||||
| Teaching Resources | KH8 Senior School Library | KH8 Senior School Library | Staff Office | 2025-11-24 | 1 | 540 LIS | TRKHSL006788 | 2026-07-03 | 2025-11-25 | 2025-11-25 | 2025-11-24 | Teaching Resources | |||||
| Teaching Resources | KH8 Senior School Library | KH8 Senior School Library | Staff Office | 2025-11-24 | 1 | 540 LIS | TRKHSL006789 | 2026-07-03 | 2025-11-25 | 2025-11-25 | 2025-11-24 | Teaching Resources | |||||
| Teaching Resources | KH8 Senior School Library | KH8 Senior School Library | Staff Office | 2025-11-24 | 540 LIS | TRKHSL006790 | 2025-11-24 | 2025-11-24 | Teaching Resources | ||||||||
| Teaching Resources | KH8 Senior School Library | KH8 Senior School Library | Staff Office | 2025-11-24 | 2 | 540 LIS | TRKHSL006791 | 2026-07-03 | 2025-12-12 | 2025-12-12 | 2025-11-24 | Teaching Resources | |||||
| Teaching Resources | KH8 Senior School Library | KH8 Senior School Library | Staff Office | 2025-11-24 | 540 LIS | TRKHSL006792 | 2025-11-24 | 2025-11-24 | Teaching Resources |